| 000 | 01158nam0a22002771 4500 | ||
|---|---|---|---|
| 001 | rc\4957714 | ||
| 005 | 20260407135121.0 | ||
| 021 |
_aRU _b[60-54566] |
||
| 035 | _a(NLR Aleph) 008956284 | ||
| 090 |
_a9035304 _c9035304 |
||
| 100 | _a20130426d1960 |||y0rusy50 ca | ||
| 101 | 0 | _arus | |
| 102 | _aRU | ||
| 105 | _aa z ||||| | ||
| 200 | 1 |
_aРазбивочные работы при строительстве компрессорных и насосных станций _fВНИИСТ Главгаза СССР |
|
| 210 |
_aМосква _cРедиздат _d1960 |
||
| 215 |
_a19 с. _cчерт. _d22 |
||
| 606 |
_aКомпрессорные станции _xРазбивка на местности _2psbo |
||
| 606 |
_aНасосные станции _xРазбивка на местности _2psbo |
||
| 606 |
_aГеодезические работы на строительстве _2psbo |
||
| 712 | 0 | 2 |
_aВНИИ по строительству магистральных трубопроводов _3RU\NLR\AUTH\8810003598 _9504477 |
| 801 | 0 |
_aRU _bNLR _gpsbo |
|
| 801 | 1 |
_aRU _bELAR _2rusmarc |
|
| 852 |
_aNLR _j60-6/6747 |
||
| 942 | _cBOOK | ||
| 980 | _aNB | ||